[Event "Reggio Emilia 54th"]
[Site "Reggio Emilia"]
[Date "2012.01.02"]
[Round "6"]
[White "Nakamura, Hikaru"]
[Black "Vitiugov, Nikita"]
[Result "1-0"]
[WhiteElo "2758"]
[BlackElo "2729"]
[Annotator "Ftacnik,L"]
[PlyCount "131"]
[EventDate "2011.12.27"]
[EventType "tourn"]
[EventRounds "10"]
[EventCountry "ITA"]
[EventCategory "20"]
[SourceTitle "CBM 146"]
[Source "ChessBase"]
[SourceDate "2012.01.18"]
[SourceVersion "1"]
[SourceVersionDate "2012.01.18"]
[SourceQuality "1"]

1. e4 e6 2. d4 d5 3. Nc3 Nf6 4. e5 Nfd7 5. f4 c5 6. Nf3 Nc6 7. Be3 Be7 8. Qd2
O-O 9. dxc5 {A very interesting moment in the development of this line. Long
castling is not faring so well and White players have invested a lot of love
in the 9.Be2 line. Black seems to be holding after 9...b6, so the exchange on
c5 makes sense at this very moment.} (9. Be2 b6) 9... Nxc5 {Black has two
major ways of recapturing the c5-pawn. If he does it with the bishop the
missing defender on the kingside might become a problem.} (9... Bxc5 10. Bxc5
Nxc5 11. O-O-O Qa5) 10. O-O-O Qc7 {The counterplay with the advance of the
b7-pawn may not be sufficient for equality. Thus it makes sense to try a
speedy development of the pieces, enhancing the control of the centre.} (10...
a6 11. f5 (11. Kb1 b6 12. Qe1 Qc7 13. f5 Ne4 14. f6 gxf6 15. Nxe4 dxe4 16. Bh6
Kh8 17. exf6 Bxf6 18. Bxf8 exf3 19. Bd6 Qd7 20. Qe4 Bg7 21. Qxf3 Bb7 22. Bf8 {
1-0 (26) Cheparinov,I (2679)-Bruno,F (2461) Budva 2009}) (11. Qf2 Qa5 12. Kb1
Bd7 13. h4 Rfc8 14. h5 Na7 15. Qe1 Qc7 16. Nd4 Nb5 17. h6 g6 18. Rh3 Ne4 19.
Nxe4 Nxd4 20. Nc3 Nb5 $15 {0-1 (42) Kabanov,N (2483)-Riazantsev,A (2656)
Belgorod 2008}) 11... Ne4 12. Nxe4 dxe4 13. f6 gxf6 14. Qe1 Qa5 15. Qxa5 Nxa5
16. exf6 Bxf6 17. Nd2 Be7 18. Bb6 e3 19. Nf3 Nc6 20. Bc4 Bd8 21. Bxe3 $14 {
1-0 (72) Najer,E (2670)-Maslak,K (2521) Pardubice 2008}) (10... Qa5 11. Kb1 Rd8
(11... a6 12. Nd4 Qc7 13. Qf2 Ne4 14. Nxe4 dxe4 15. Nb3 b5 16. g3 Bb7 17. Bb6
Qc8 18. Bg2 Nb4 19. Bc5 Re8 20. Bxb4 Bxb4 21. Qd4 $14 {1-0 (68) Li,C (2633)
-Kalezic,B (2449) Khanty-Mansiysk 2010}) 12. Nd4 Kh8 (12... Bf8 13. g4 Rb8 14.
Qf2 Bd7 15. Bg2 Rbc8 16. Rhf1 Nxd4 17. Bxd4 b5 18. f5 b4 19. Ne2 Rc6 20. Nf4
Ra6 21. fxe6 Bxe6 22. a3 Rd7 $11 {0-1 (40) Timoshenko,G (2572)-Volkov,S (2614)
Livigno 2011}) 13. h4 Nxd4 14. Bxd4 Bd7 15. Rh3 Rab8 16. h5 b5 17. h6 g6 18.
Qe3 b4 19. Nxd5 exd5 20. e6+ Kg8 21. exd7 Ne4 22. Bd3 $14 {1-0 (26) Najer,E 
(2677)-Kovacevic,B (2490) Pardubice 2006}) 11. Kb1 b6 {The chances at this
early stage are most likely about even. Black may have to invest some energy
in the rather disturbing move 11...Ne4!?} (11... Ne4 $5 12. Nxe4 dxe4 13. Nd4
Rd8 $11) 12. Bb5 Bb7 (12... Ne4 13. Nxe4 dxe4 14. Ng5 Bxg5 15. Qd6 Qxd6 16.
exd6 Bxf4 17. Bxc6 Bxe3 18. Bxa8 f5 19. Bxe4 fxe4 20. d7 Bxd7 21. Rxd7 $14) 13.
h4 Na5 $6 {Vitiugov is anxious to start real counterplay, but I would strongly
prefer to look into completing the development.} (13... Rfd8 14. Nd4 Rac8 $13)
14. Bd4 Rac8 (14... Nc4 15. Bxc4 dxc4 16. Qe2 $14) 15. Ng5 $5 {Nakamura has a
reputation of a very dangerous player. He is definitely not moving the knight
to g5 just for fun.} Nc4 (15... h6 $2 16. Bxc5 Bxc5 17. Qd3 hxg5 18. hxg5 Rfe8
19. Qh7+ Kf8 20. g6 $18) 16. Qe2 h6 17. Bxc4 dxc4 18. Bxc5 $1 Bxc5 {A huge
transformation of the strategic character of the position has taken place
within just two moves. White has parted with both of his bishops in the hope
of establishing the knight in the centre.} (18... Qxc5 19. Nge4 Qc6 20. a3 Rcd8
21. g4 $14) 19. Nge4 Bb4 20. Nd6 $5 Rcd8 (20... Bxc3 21. Nxc8 Bxb2 22. Nd6 c3
23. Nxb7 Qxb7 24. Rd4 $14) 21. Rh3 {The young American might have been
frustrated by the minimal advantage after the move of the second knight to b5.
Despite the emotions, it was probably the strongest continuation.} (21. Ncb5 $5
Qc6 22. Nxb7 Rxd1+ 23. Rxd1 Qxb5 (23... Qxb7 $2 24. Qxc4 Bc5 25. Qe2 $16) 24.
Nd6 Bxd6 25. exd6 Rd8 $14) 21... Bxd6 $2 {The defender is also beset by
trepidation. His decision to grab the g2-pawn is objectively not bad, but it
is tied to a huge load of risk. The subtle pawn move 21..a6!? would have
equalised the chances immediately.} (21... a6 $5 22. Rg3 (22. Nxc4 Bxg2 23.
Qxg2 Rxd1+ 24. Nxd1 Qxc4 25. Rg3 Qxf4 26. Rxg7+ Kh8 27. Rg4 Rd8 28. a3 Qd2 $11)
22... Bxd6 23. exd6 Rxd6 24. Rxg7+ Kh8 25. Rxd6 Qxd6 26. Rg4 b5 27. a3 $11) 22.
Nb5 $1 Qc6 23. Nxd6 Qxg2 (23... f6 24. Rg3 Qc7 25. h5 $14) 24. Qe3 {The player
who is so attack-minded is not willing to part with his queen so easily.} (24.
Qxg2 Bxg2 25. Rg3 Bd5 26. Rdg1 g6 27. h5 Rd7 28. b3 cxb3 29. axb3 $14) 24...
Be4 25. Rc1 f5 {Vitiugov has made his own life difficult as he now has to
guess what line promises the best defensive chances.} (25... Bf5 26. Rg3 Qh2
27. Nxf5 exf5 28. Rcg1 Kh8 29. Rxg7 Rg8 30. Rxg8+ Rxg8 31. Rd1 $14) (25... Bh7
$6 26. Rg3 Qh2 27. Rcg1 Qxc2+ 28. Ka1 g5 (28... Kh8 29. f5 c3 30. bxc3 exf5 31.
Rxg7 f4 32. Qd4 $18) (28... g6 29. f5 exf5 30. Qxh6 Qf2 31. h5 Rxd6 32. exd6
Re8 33. Qc1 $18) 29. Rc1 Qa4 30. fxg5 h5 31. Qf4 $16) 26. Rg3 Qh2 27. Qg1 Qxg1
(27... Qxh4 $2 28. Rxg7+ Kh8 29. Qg6 $18) 28. Rcxg1 Rd7 29. Rg6 Re7 (29... Bd5
30. Rxh6 $14) 30. Rxh6 c3 $6 {[%mdl 4096] Defending a worse endgame type of
position with a structural deficiency (the bishop of wrong colour) is not an
enviable task. Black is eager to complicate matters and get rid of his c4-pawn,
but it will backfire in the medium term.} (30... Rb8 31. h5 Bd5 32. c3 $14) 31.
bxc3 Bf3 (31... b5 32. Rhg6 $14) 32. Rhg6 Bg4 33. Rg5 Kh7 34. h5 Kh6 (34... Rh8
35. Rh1 b5 36. Kb2 Rb8 37. Rh2 $14) 35. Rh1 Rd8 {Black misse one of the last
chances to complicate matters with the annoying move of the b-pawn.} (35... b5
$5) 36. c4 $1 Bf3 (36... Rdd7 37. Kb2 Rd8 38. Kc3 $16) 37. Rh2 Bg4 38. Kb2 Rb8
39. Kc3 Rd8 40. Kd4 Rb8 41. Ke3 Kh7 42. Kf2 Rh8 43. Kg3 {The king is ready to
march all the way to the g5-square in order to advance the h-pawn.} Kg8 (43...
Rd8 44. Kh4 Rh8 45. Rg6 Kg8 46. Kg5 Bf3 47. h6 Rh7 48. Rh4 $16) 44. h6 Rh7 45.
Rg6 (45. hxg7 Rxh2 46. Kxh2 Rxg7 47. Rxg7+ Kxg7 48. Kg3 $16) 45... Bd1 46. c3
Bg4 47. Kf2 Kf8 48. Ke3 gxh6 49. Rhxh6 Rxh6 50. Rxh6 Kg7 51. Rh2 (51. Rf6 Bd1
52. Kd4 Kg8 53. c5 $18) 51... Rd7 52. Kd4 Bf3 {Black is unable to prevent the
advance of White's c-pawn.} 53. Rh3 Bg4 54. Rh1 Bf3 55. Rg1+ Bg4 (55... Kf8 56.
Rg6 Re7 57. Rf6+ Kg7 58. c5 $18) 56. c5 $1 {Finally Nakamura is able to prove
beyond doubt that he is playing the ending with an extra pawn.} bxc5+ (56...
Kg6 57. Rb1 bxc5+ 58. Kxc5 Rc7+ 59. Kd4 $16) 57. Kxc5 Rc7+ 58. Kb4 {It might
have been easier to realise the advantage with the centralised king. The
transfer of the knight to c5 would simplify the task.} (58. Kd4 Rc6 59. Rb1 Ra6
60. Nb7 $1 Rxa2 61. Nc5 a5 62. Rb7+ Kh8 63. Nxe6 a4 64. Ra7 a3 65. Kc5 $18)
58... Rc6 59. Nb5 Kf8 (59... Rb6 60. c4 a6 61. Kc5 Rb8 62. Nd4 Kf7 63. Rh1 $18)
60. a4 a5+ {Black correctly feels, that he has nothing left to lose. In the
event of passive defense the white c-pawn would simply progress.} (60... Be2
61. Nd4 Rb6+ 62. Kc5 Bd3 63. a5 Ra6 64. Rd1 $18) 61. Kxa5 Rc4 62. Nd4 $1 Rxc3 (
62... Kf7 63. Rb1 Rxc3 64. Rb7+ $18) 63. Rb1 {The final phase is rather
instructive. Black is unable to defend the weak e6-pawn, his bishop on g4 is a
mere by-stander.} Rc8 (63... Ke8 64. Nxe6 Kf7 65. Ng5+ $18) 64. Rb6 Kf7 65.
Nxe6 Rc4 66. Ng5+ (66. Rc6 $1 Rxc6 67. Nd8+ Kg8 68. Nxc6 $18) (66. Ng5+ Ke7 67.
Rb7+ Ke8 68. Nf7 Rxf4 69. Nd6+ Kf8 70. e6 Re4 71. Nxe4 fxe4 72. Rf7+ Ke8 73.
Rf4 Bf3 74. Rf5 Ke7 75. Re5 $18) 1-0

[Event "London FIDE GP 1st"]
[Site "London"]
[Date "2012.09.22"]
[Round "2"]
[White "Leko, Peter"]
[Black "Ivanchuk, Vassily"]
[Result "1-0"]
[WhiteElo "2737"]
[BlackElo "2769"]
[Annotator "Ftacnik,L"]
[PlyCount "83"]
[EventDate "2012.09.21"]
[EventType "tourn"]
[EventRounds "11"]
[EventCountry "ENG"]
[EventCategory "20"]
[SourceTitle "CBM 151"]
[Source "ChessBase"]
[SourceDate "2012.11.13"]
[SourceVersion "1"]
[SourceVersionDate "2012.11.13"]
[SourceQuality "1"]

1. e4 e6 2. d4 d5 3. Nc3 Nf6 4. e5 Nfd7 5. f4 c5 6. Nf3 Nc6 7. Be3 a6 {
Ivanchuk understands, that even though his counterplay along the dark squares
is efficient, the light-squared bishop on c8 remains a weakness of his
position. The advance of the queenside pawns will later enable attempts at an
exchange of bishops.} 8. Qd2 b5 9. dxc5 Bxc5 10. Ne2 b4 {The advance of the
b-pawn is an alternative to the very natural move ...Qb6. Black is trying to
provoke a conflict on the queenside in order to lure away white pieces from
the attack on the other side of the board.} (10... Qb6 11. Bxc5 (11. Ned4 b4
12. O-O-O a5 13. Re1 Nxd4 14. Bxd4 O-O 15. g4 f6 16. exf6 Nxf6 17. Bxf6 Rxf6
18. Bd3 b3 19. Kb1 bxa2+ 20. Ka1 Rb8 21. c3 Rxf4 $19 {1/2 (32) Vajda,L (2594)
-Berescu,A (2488) Sarata Monteoru 2012 (32)}) 11... Nxc5 12. Ned4 Ne4 (12...
Bd7 13. Nxc6 Bxc6 (13... Ne4 14. Qd4 Qxc6 15. Bd3 Rc8 16. O-O-O Nc5 17. Kb1
Nxd3 18. Qxd3 Qc4 19. Nd4 Qxd3 20. Rxd3 $14 {1/2 (65) Quesada Perez,Y (2567)
-Cordova,E (2518)/Santa Clara 2008/ (65)}) 14. Nd4 O-O 15. Bd3 f6 16. exf6 Rxf6
17. O-O-O Be8 18. Rhf1 Rc8 19. g4 Qd6 20. Kb1 Nxd3 21. cxd3 Bd7 $11 {0-1 (58)
Inarkiev,E (2667)-Lysyj,I (2615)/ Rijeka 2010/ (58)}) 13. Qe3 b4 14. Bd3 Bb7
15. O-O O-O 16. Rae1 Nxd4 17. Qxd4 Qxd4+ 18. Nxd4 g6 19. Ra1 a5 20. a3 Nc5 21.
axb4 axb4 22. Kf2 $14 {1-0 (50) Leko,P (2738)-Gurevich,M (2635)/Elista 2007/ 
(50)}) 11. Bxc5 Nxc5 12. Ned4 Nxd4 13. Qxd4 {The centralised queen will ensure
a higher level of tension than the somewhat academic recapture by the knight.}
(13. Nxd4 Qb6 14. Qe3 O-O (14... Na4 15. O-O-O Bd7 16. g4 O-O-O 17. h4 Kb7 18.
h5 h6 19. f5 Rc8 20. Rh2 $16 {1-0 (58) Aagaard,J (2531)-Socko,B (2627)/
Helsingor 2008/ (58)}) 15. Nb3 Na4 16. Qxb6 Nxb6 17. a3 bxa3 18. Rxa3 f6 19.
exf6 Rxf6 20. g3 e5 21. fxe5 $14 {1/2 (48) Guerra Bastida,D (2386)-Herraiz
Hidalgo,H (2485)/Malaga 2008/ (48)}) 13... Qb6 14. a3 (14. Nd2 Rb8 15. Nb3 Na4
16. O-O-O O-O 17. a3 a5 18. Qxb6 Rxb6 19. Rd4 Bd7 20. axb4 axb4 21. Bd3 $11 {
1/2 (30) Shomoev,A (2566)-Potkin,V (2682)/Taganrog 2011/ (30)}) 14... Rb8 (
14... bxa3 15. Rxa3 O-O 16. Rc3 Nd7 17. Qxb6 Nxb6 18. Rc6 Rb8 19. Kd2 $16) 15.
Be2 a5 (15... Ne4 16. Qxb6 Rxb6 17. axb4 Rxb4 18. b3 O-O 19. Bxa6 Bxa6 20. Rxa6
Rc8 21. O-O (21. Ra2 Nc3 22. Ra1 Rxf4 $15) 21... h6 22. Ne1 Rd4 $11) 16. axb4
axb4 {The defender does not want to avoid exchange of the queens, but his goal
is to couple it with solving the problem of the bishop on c8.} (16... Qxb4+ $6
17. Qxb4 axb4 18. Nd4 $16) 17. O-O O-O 18. Qe3 (18. Ne1 Bd7 19. Nd3 Bb5 $14)
18... Ba6 $1 {Ivanchuk finally manages to realise the positional idea, that
has been in the background of his whole opening plan. White's light-squared
bishop was surely more valuable and thus the exchange must be in Black's
favour.} 19. Bxa6 Nxa6 20. Qxb6 Rxb6 21. Kf2 Nb8 {Leko is very gifted in
technical positions so the position remains a bit unpleasant. White can hope
to make use of the open a-file and his centralised king to develop an endgame
initiative.} (21... Rc8 22. Nd4 Nc5 23. Ke3 $14) 22. Ra8 (22. Rfc1 Nc6 23. Ke3
$14) 22... Nc6 {It seems that the defender has missed the best continuation
and lost the chance for counterplay with the precise move 22...Qc6!} (22... Rc6
$1 23. Rc1 Rc4 24. g3 Nc6 25. Ra6 f6 26. exf6 gxf6 $11) 23. Rfa1 f6 24. Ke3
fxe5 25. fxe5 h6 26. h4 Rb7 (26... Rbb8 27. Rxb8 Rxb8 28. Ra6 Rc8 29. Rb6 Rc7
$11) 27. h5 Rc7 28. Rxf8+ Kxf8 29. Ra8+ Ke7 $2 {The defence of technically
inferior positions is an ungrateful task, as one serious innacuracy can
endanger the prospects for success. Black has failed to notice the great idea
of advancing the g-pawn after 29...Kf7!} (29... Kf7 $1 30. g4 g5 $14) 30. g4
Nd8 (30... Kf7 31. g5 $16) 31. Nd4 $1 (31. g5 hxg5 (31... Rxc2 32. Ra7+ Kf8 33.
Nh4 Rh2 34. Ng6+ Kg8 35. Ra8 Kf7 36. Rxd8 Rxh5 37. Nh8+ Ke7 38. Rb8 $16) 32.
Nxg5 Nf7 $11 (32... Rxc2 33. Ra7+ Kf8 34. Rd7 Ke8 35. Rxg7 $14)) 31... Nc6 32.
Nf3 (32. Rg8 $5 Nxe5 (32... Kf7 33. Rxg7+ Kxg7 34. Nxe6+ Kf7 35. Nxc7 Nxe5 36.
Kf4 $16) 33. Rxg7+ Nf7 34. Rg6 e5 35. Nc6+ Kd7 36. Nxb4 $16) 32... Kf7 {
The Ukrainian star was facing a very unpleasant choice between repeating the
moves, which would enable an attack on the g7-pawn or passive defence with the
hope to hold the game.} 33. g5 $1 hxg5 (33... Ra7 34. g6+ Ke7 35. Rg8 $18) 34.
Nxg5+ Ke7 35. Rg8 Nxe5 36. Rxg7+ Kd6 (36... Kf6 37. Rxc7 Kxg5 38. b3 $18) 37.
Rxc7 Kxc7 38. Nxe6+ Kd6 39. Nf4 {The tragedy is complete, since in the knight
endgame White has distant and extra passed pawn. The last pawns of the
defender are vulnerable on the squares b4 and d5.} Kc6 (39... Nc4+ 40. Kd4 Nxb2
41. h6 $18) 40. Nd3 Ng4+ 41. Kf4 Nf6 42. Kg5 1-0

[Event "RUS-chT 14th"]
[Site "Sochi"]
[Date "2007.05.03"]
[Round "2"]
[White "Najer, Evgeniy"]
[Black "Riazantsev, Alexander"]
[Result "1/2-1/2"]
[WhiteElo "2624"]
[BlackElo "2621"]
[Annotator "Ftacnik,L"]
[PlyCount "57"]
[EventDate "2007.05.02"]
[EventType "team-tourn"]
[EventRounds "9"]
[EventCountry "RUS"]
[SourceTitle "EXT 2020"]
[Source "ChessBase"]
[SourceDate "2019.10.17"]
[SourceVersion "1"]
[SourceVersionDate "2019.10.17"]
[SourceQuality "1"]
[WhiteTeam "Saransk TPS"]
[BlackTeam "Chelyabinsk South Ural"]
[WhiteTeamCountry "RUS"]
[BlackTeamCountry "RUS"]

1. e4 e6 2. d4 d5 3. Nc3 Nf6 4. e5 Nfd7 5. f4 c5 6. Nf3 Nc6 7. Be3 Be7 8. Qd2
O-O 9. dxc5 {The whole line with 7...Be7 is gaining popularity and White
players are still searching for the best method to meet it.} Bxc5 10. O-O-O Qa5
11. Bxc5 Nxc5 12. h4 $5 {Najer begins with activity on the kingside, since
Black has all his pieces on the other half of the board.} Bd7 $6 (12... Rb8 $1
13. Qe3 Bd7 $13) 13. Rh3 (13. Kb1 Rfc8 14. Rh3 Rab8 15. Rg3 Na4 16. Nxa4 Qxa4
17. a3 Ne7 18. Nd4 b5 19. c3 a5 20. Bd3 b4 21. Bc2 Qxa3 22. Qd3 bxc3 23. Qxh7+
Kf8 24. Qxg7+ Ke8 25. Qh8+ Ng8 26. Rxg8+ {1-0 Shadrina,T (2378)-Grabuzova,T 
(2357)/Sochi 2007/}) 13... Rab8 (13... b5 $5 14. Bxb5 Rab8 (14... Nb4 15. Bxd7
(15. Nd4 Bxb5 16. Ncxb5 Ne4 17. Qe1 Qxa2 18. Ra3 Qc4 $13) 15... Nxa2+ 16. Nxa2
Qxa2 17. Qb4 $1 Nxd7 18. Nd4 Rfb8 (18... Rab8 19. Qa3 Qxa3 20. Rxa3 Rb7 $14)
19. Qa3 Qxa3 20. Rxa3 $14) (14... Nxe5 15. Nxe5 Bxb5 16. Nxd5 $1 Qxa2 (16...
Qxd2+ 17. Rxd2 exd5 18. Rxd5 Rac8 19. Rc3 $18) 17. Ne7+ Kh8 18. Ra3 $1 Nd3+ 19.
cxd3 Rac8+ 20. N5c6 $18) 15. Bxc6 Bxc6 16. Nd4 Rfc8 17. Kb1 $14) 14. h5 {
Speed of action is of the utmost importance in such positions, so White could
have considered also the immediate 14.f5!?} (14. f5 $5 exf5 15. Rg3 Ne6 (15...
Kh8 16. Rxg7 $1 (16. h5 $2 h6 $1) 16... Kxg7 17. Qg5+ Kh8 18. Qf6+ Kg8 19. Rxd5
(19. Ng5 $6 f4 20. h5 Ne7 21. Qxe7 Qd8 22. Qxc5 Qxg5 $15) 19... a6 20. Ng5 f4
21. Rxd7 $18) 16. Qh6 Nb4 (16... f4 17. Bd3 g6 18. Ng5 Nxg5 19. hxg5 Be6 20.
Rh1 $16) 17. Rxg7+ Nxg7 18. Ng5 Rfc8 19. Qxh7+ Kf8 20. Qh8+ Ke7 21. Qxg7 Rxc3
22. Qxf7+ Kd8 23. Qf6+ Kc7 24. Qd6+ Kc8 25. bxc3 $16) 14... b5 (14... h6 15.
Rg3 Kh8 $13) 15. f5 $1 exf5 (15... b4 16. f6 $1 Ne7 $1 (16... bxc3 17. Qg5 g6
18. Qh6 cxb2+ 19. Kb1 $18) (16... Nxe5 17. Qg5 Ng6 18. fxg7 $18) 17. Qg5 $1 (
17. fxe7 Rfc8 18. Rg3 $18) 17... Nf5 18. Nd4 h6 19. Qg4 Kh7 20. Nxf5 Rg8 21.
Ne7 bxc3 22. Rxc3 $18) 16. Rg3 Ne6 (16... Kh8 17. Rxg7 $1 Kxg7 18. Qg5+ Kh8 19.
Qf6+ $1 (19. h6 Ne6 20. Qf6+ Kg8 21. Nxd5 Qd8 22. Qxf5 $18) 19... Kg8 20. Ng5
$1 Ne6 21. Qxf5 $1 Nxg5 22. Qxg5+ Kh8 23. Qf6+ Kg8 24. h6 $18) 17. Qh6 Nb4 $1 {
Riazantsev is doing the only correct thing by lashing out against the white
king in an attempt to slow down the action against his own majesty.} (17... Kh8
18. Rxg7 Nxg7 19. Ng5 $18) (17... g6 18. Nxd5 $18) 18. Rxg7+ Nxg7 19. Ng5 Rfc8
20. Qxh7+ Kf8 21. h6 $1 (21. Qh8+ Ke7 22. Qxg7 Rxc3 23. Qxf7+ Kd8 24. Qf8+ Kc7
25. Qd6+ Kc8 26. bxc3 Nxa2+ 27. Kb2 Qxc3+ 28. Kb1 Rb6 29. Qf8+ Kb7 30. Rd3 Qxe5
31. Kxa2 Rc6 $14) 21... Rxc3 22. Qxg7+ (22. hxg7+ Ke7 23. g8=N+ Kd8 24. bxc3
Nxa2+ 25. Kb2 Qxc3+ 26. Kb1 Qa3 27. Nxf7+ Kc7 28. Rd3 $11) 22... Ke7 23. Qf6+
Ke8 24. bxc3 $6 {[%mdl 64] White has made enormous progress and his h-pawn
should decide the game. The recapture on c3 is playable, but it was much
better to improve the location of the queen first.} (24. Qxf7+ Kd8 25. Qf8+ Kc7
26. Qd6+ Kc8 27. bxc3 Nxa2+ 28. Kb2 Qxc3+ (28... Rb6 29. Qc5+ $1 Rc6 30. Qa3
Qxa3+ 31. Kxa3 Nxc3 32. h7 $18) 29. Kb1 Nb4 30. Bd3 Rb6 31. Qxb6 $1 axb6 32. h7
Qxe5 33. Nf7 $18) 24... Nxa2+ 25. Kb2 $6 (25. Kd2 Qxc3+ 26. Ke2 Qxc2+ 27. Ke1
Qc5 28. Qxf7+ Kd8 29. Qg8+ Kc7 30. Qxd5 Qxd5 31. Rxd5 $16) 25... Qxc3+ 26. Kb1
Qa3 $1 {Najer might have missed this fine idea, now he has to accept the
innevitable draw.} 27. Qh8+ (27. Qxf7+ Kd8 28. Rd3 Qc1+ 29. Kxa2 Qxc2+ 30. Ka1
Qc1+ $11) 27... Ke7 28. Qf6+ Ke8 29. Qh8+ 1/2-1/2